Flagi państw które kiedykolwiek kontrolowały Kujawy - Statystyki

Ogólne statystyki
  • Ten quiz został rozwiązany 6 razy
  • Średni wynik to 7 z 11
Statystyki odpowiedzi
Obrazkowy Hint Odpowiedź % Poprawnych
1939-1945 III Rzesza
83%
1918-1939 II Rzeczpospolita
83%
960-1332* Państwo Piastów
83%
1569-1793 Rzeczpospolita Obojga Narodów
83%
1989- III Rzeczpospolita
67%
1343-1569 Królestwo Polskie
67%
1945-1989 Polska Rzeczpospolita Ludowa
67%
1793-1807 Prusy
67%
1807-1815* Księstwo Warszawskie
50%
1332-1343 Zakon Krzyżacki
50%
1815-1918 Imperium Rosyjskie
33%
Nie znaleziono quizów pasujących do podanych kryteriów
Rozkład punktacji
Procent ludzi z każdym wynikiem
Percentyl według liczby udzielonych odpowiedzi
Twoja historia wyników
Nie rozwiązałeś tego quizu